All Countries In The Southern Hemisphere - Statistics

General Stats
  • This quiz has been taken 76 times
  • The average score is 47 of 52
Answer Stats
Answer % Correct
Argentina
100%
Brazil
100%
Angola
98%
Australia
98%
Chile
98%
Democratic Republic of the Congo
98%
Republic of the Congo
98%
Uruguay
98%
Zambia
98%
Zimbabwe
98%
Colombia
96%
Paraguay
96%
South Africa
96%
Burundi
95%
Indonesia
95%
Kenya
95%
New Zealand
95%
Rwanda
95%
Lesotho
93%
Mauritius
93%
Namibia
93%
Peru
93%
Uganda
93%
Bolivia
91%
Botswana
91%
Ecuador
91%
Eswatini
91%
Kiribati
91%
Mozambique
91%
Seychelles
91%
Tanzania
91%
Fiji
89%
Madagascar
89%
Malawi
89%
Nauru
89%
Comoros
88%
Maldives
88%
Papua New Guinea
88%
Samoa
88%
Tonga
88%
Equatorial Guinea
86%
Gabon
86%
Somalia
86%
Tuvalu
86%
East Timor
84%
Solomon Islands
84%
Vanuatu
84%
United Kingdom
80%
France
79%
Sao Tome and Príncipe
79%
United States
75%
Norway
59%
No matching quizzes found
Score Distribution
Percent of People with Each Score
Percentile by Number Answered
Your Score History
You have not taken this quiz